000 00399nam a2200145 a 4500
001 000031823
005 20200930063217.0
008 090701s2007 dr ac 000 0 spa d
040 _aDO-SdBNP
_bspa
_cBNPHU
110 2 _aGrupo Popular
_958036
245 0 _aMemoria anual 2006 /.
260 _aSanto Domingo :
_bAmigo del Hogar :,
_c2007.
300 _a129 p. :
_bil. ; retr. ;
_c29 cm.
049 _aBNPD
999 _c31315
_d31315